000 01207nam a22002177a 4500
999 _c168635
_d168635
005 20191018110340.0
010 _aB-730566
020 _a9789353094102
_c40.00
035 _aB-730566
037 _bडी.बी.ए.डी./ उपहार
082 _a
100 _aचक्रवर्ती, सिद्धार्थ
245 _aआकाश में व्हेल /
_cसिद्धार्थ चक्रवर्ती ; कावेरी गोपालकृष्णन द्वारा चित्रांकित ; अमरदीप द्वारा हिन्दी अनुवाद
260 _aनई दिल्ली
_bप्रथम बुक्स
_c2018
270 _a#621, 2nd floor, 5th Main, OMBR Layout, Banaswadi,
_bBengaluru
_e560043
_k+91 80 42052574, 91 11 41042483
300 _a16पृ.
_bसचित्र
_c14x20 सेमी (अजिल्द)
700 _928835
_aगोपालकृष्णन, कावेरी
700 _928836
_aअमरदीप
942 _2ddc
_cCH
_h
_mचक्रव